| 000 | 01440nam0a2200349 4500 | ||
|---|---|---|---|
| 001 | RU\NLR\bibl\1743265 | ||
| 005 | 20260405225329.0 | ||
| 010 |
_a978-5-91477-013-3 _bв пер. _91000 |
||
| 021 |
_aRU _b2011-2438 _9161 |
||
| 035 | _a(nilc)RSL-KNO-004880563 | ||
| 035 | _a(NLR Aleph) 001734171 | ||
| 090 |
_a1418476 _c1418476 |
||
| 100 | _a20110201d2011 |||y0rusy50 ca | ||
| 101 | 0 | _arus | |
| 102 | _aRU | ||
| 105 | _aa zzzz||||| | ||
| 200 | 1 |
_aЯузская Москва _eочерки по истории местности по обоим берегам "малой" московской реки _fсочинение А. В. Бугрова |
|
| 210 |
_aМосква _cЛингва-Ф _d2011 |
||
| 215 |
_a335 с. _cил., цв. ил., портр., табл., факс. _d24м _e1 отд. л. карт. |
||
| 309 | _aКн. и карта вложены в папку | ||
| 607 |
_aМосква, город _xРайоны _xИстория _92352426 _3RU\NLR\auth\661405330 |
||
| 686 |
_aТ3(2-2М)я6 _2rubbk |
||
| 686 |
_aН0(2Р=Р)92Москва2я6 _2rubbk |
||
| 686 | _aТ3(2-2М) | ||
| 700 | 1 |
_4070 _8rus _7ca _aБугров _bА. В. _cканд. ист. наук _f1971- _gАлександр Владимирович _3RU\NLR\auth\77103379 _986305 |
|
| 801 | 0 |
_aRU _bRuMoRKP _c20110201 _grcr |
|
| 801 | 1 |
_aRU _bRuMoRGB _c20110201 |
|
| 801 | 2 |
_aRU _bNLR _c20110304 _grcr |
|
| 942 | _cBOOK | ||
| 980 | _aNB | ||
| 980 | _aNBR | ||